Basic electrical engineering (Record no. 7166)

000 -LEADER
fixed length control field 00658nam a2200217 4500
001 - CONTROL NUMBER
control field 7166
003 - CONTROL NUMBER IDENTIFIER
control field BD-DhUET
008 - FIXED-LENGTH DATA ELEMENTS--GENERAL INFORMATION
fixed length control field 740521s1975 nyua 001 0 eng
020 ## - INTERNATIONAL STANDARD BOOK NUMBER
International Standard Book Number 0070211523
040 ## - CATALOGING SOURCE
Original cataloging agency DLC
Transcribing agency DLC
Modifying agency BD-DhUET
082 00 - DEWEY DECIMAL CLASSIFICATION NUMBER
Classification number 623
Item number FIT/1975
100 1# - MAIN ENTRY--PERSONAL NAME
Personal name Fitzgerald, A. E.
245 10 - TITLE STATEMENT
Title Basic electrical engineering
Remainder of title circuits,electronics,machines,control
Statement of responsibility, etc. by A. E. Fitzgerald, David E. Higginbotham and Arvin Grabel
250 ## - EDITION STATEMENT
Edition statement 4th ed.
260 ## - PUBLICATION, DISTRIBUTION, ETC. (IMPRINT)
Place of publication, distribution, etc. New York
Name of publisher, distributor, etc. McGraw-Hill
Date of publication, distribution, etc. 1975
300 ## - PHYSICAL DESCRIPTION
Extent xiv, 817 p.
Other physical details illus.
Dimensions 24 cm.
650 #0 - SUBJECT ADDED ENTRY--TOPICAL TERM
Topical term or geographic name as entry element Electricity : Engineering
700 ## - ADDED ENTRY--PERSONAL NAME
Personal name Higginbotham, David E.
700 ## - ADDED ENTRY--PERSONAL NAME
Personal name Grabel, Arvin
942 ## - ADDED ENTRY ELEMENTS (KOHA)
Koha item type General Book
Holdings
Koha normalized classification for sorting Withdrawn status Price effective from Koha issues (times borrowed) Not for loan Koha full call number Location (home branch) Sublocation or collection (holding branch) Koha date last borrowed Shelving location Damaged status Piece designation (barcode) Koha date last seen Date acquired Source of classification or shelving scheme Koha item type Copy number Lost status
623PIT1975 2014-12-071 623/PIT/1975Central Library, BUETCentral Library, BUET2018-07-21Circulation section 653642018-08-042014-12-07 General Book1 
623_000000000000000_PIT_1975 2015-03-12  623/PIT/1975Central Library, BUETCentral Library, BUET Circulation section 433092015-03-122015-03-12 General Book2 
623_000000000000000_PIT_1975 2015-03-12  623/PIT/1975Central Library, BUETCentral Library, BUET Circulation section 433142015-03-122015-03-12 General Book3 
623_000000000000000_PIT_1975 2015-03-12  623/PIT/1975Central Library, BUETCentral Library, BUET Circulation section 436762015-03-122015-03-12 General Book4 
623_000000000000000_PIT_1975 2015-03-12  623/PIT/1975Central Library, BUETCentral Library, BUET Circulation section 428432015-03-122015-03-12 General Book5 
623_000000000000000_FIT_1975 2015-04-16  623/FIT/1975Central Library, BUETCentral Library, BUET Circulation section 433082015-04-162015-04-16 General Book6 
623_000000000000000_FIT_1975 2015-04-18  623/FIT/1975Central Library, BUETCentral Library, BUET Circulation section 433162015-04-182015-04-18 General Book7 
623_000000000000000_FIT_1975 2015-04-21  623/FIT/1975Central Library, BUETCentral Library, BUET Circulation section 433102015-04-212015-04-21 General Book8 
623_000000000000000_FIT_1975 2015-04-21  623/FIT/1975Central Library, BUETCentral Library, BUET Circulation section 436772015-04-212015-04-21 General Book9 
623_000000000000000_FIT_1975 2015-04-21  623/FIT/1975Central Library, BUETCentral Library, BUET Circulation section 433132015-04-212015-04-21 General Book10 
623_000000000000000_FIT_1975 2015-04-21  623/FIT/1975Central Library, BUETCentral Library, BUET Circulation section 433072015-04-212015-04-21 General Book11 
623_000000000000000_FIT_1975 2015-04-21  623/FIT/1975Central Library, BUETCentral Library, BUET Circulation section 511012015-04-212015-04-21 General Book12 
623_000000000000000_FIT_1975 2015-06-28  623/FIT/1975Central Library, BUETCentral Library, BUET Reading section 428412015-06-282015-06-28 Reading Item13 
623_000000000000000_FIT_1975 2015-06-28  623/FIT/1975Central Library, BUETCentral Library, BUET Reading section 428402015-06-282015-06-28 Reading Item14 
623_000000000000000_FIT_1975 2015-06-28  623/FIT/1975Central Library, BUETCentral Library, BUET Reading section 436792015-06-282015-06-28 Reading Item15